01217nam a2200241Ia 4500001001100000003001000011008004100021040002500062041001300087100001800100245010500118250001100223260009100234300001100325500013600336501011400472520013600586650003600722942000700758957000600765999004200771952016200813L200-54836IT-CnALBA170116s9999||||xx |||||||||||||| ||und|| aIT-CnALBAcIT-CnALBA aITALIANO aFELICI SERGIO 0aLA FORMAZIONE DEL SACERDOZIO MINISTERIALE. NELLA CATECHESI E NELLA TESTIMONIANZA DI VITA DEI PADRI.  a1a ed. a ROMAbLAS - LIBRERIA ATENEO SALESIANO c1990 [1° Ed.:1990 - Ed.Ling.Originale: 1990] a38 p.  aBIBLIOTECA DI SCIENZE RELIGIOSE. CONVEGNO DI STUDI ROMA. MARZO 1990. MISSIONE DEL VESCOVO IN IGNAZIO D'ANTIOCHIA E NELLA LITURGIA.  aSocietà San Paolo EM - Piazza San Paolo, 14 - 12051 ALBA (CN) (non commercial uses only) ® Copyright 2017 aBIBLIOTECA DI SCIENZE RELIGIOSE. CONVEGNO DI STUDI ROMA. MARZO 1990. MISSIONE DEL VESCOVO IN IGNAZIO D'ANTIOCHIA E NELLA LITURGIA.  aRELIGIONE - RELIGIONE CRISTIANA cBK 71 a72326bNOg Copie: 1 c313689d313689 0010406L_2005483671aALBAbALBAd2017-01-16l0oL200-54836r2017-01-16 00:00:00w2017-01-16yBKz(data import: 16 gennaio 2017) - By Epidotti, Vaglietti.